000 00608nam a22001937a 4500
008 240526b mp ||||| |||| 00| 0 mon d
035 _a13387
040 _aДорноговь аймгийн нийтийн номын сан
_bmon
_cMN-UlNLM
_dMN-UlNLM
_erda
041 _amon
042 _a19189
084 _2НСНЗА
_a79.1
_bМ-692
245 0 _aБаримт бичгийн стандарт.
264 _aУлаанбаатар
_bСХЗГ
_c2011
300 _a11х.
336 _2rdacontent
_atext
_btxt
337 _2rdamedia
_aunmediated
_bn
338 _2rdacarrier
_avolume
_bnc
942 _2NNA
_cBK
999 _c725277
_d725334